000
00329nam a22001457a 4500
008
221006b ||||| |||| 00| 0 eng d
020
_a
188458590
041
_a
eng
080
_2
third edition
_a
004
082
_a
004
100
_a
20.2
101
_a
KOM
245
_a
ADVANCED AND MULTIVARIATE
_c
MERTLER C.A
942
_2
udc
_c
BK
999
_c
58372
_d
58372